书目信息 |
| 题名: |
王文亮学术论文选
|
|
| 作者: | 王文亮 著 | |
| 分册: | ||
| 出版信息: | 上海 复旦大学出版社 2005.01 |
|
| 页数: | 422页 | |
| 开本: | 23cm | |
| 丛书名: | 复旦学人文库 | |
| 单 册: | ||
| 中图分类: | O32-53 | |
| 科图分类: | ||
| 主题词: | 振动理论--zhen dong li lun--文集 | |
| 电子资源: | ||
| ISBN: | 7-309-04331-6 | |
| 000 | 00949nam 2200253 450 | |
| 001 | 012006847015 | |
| 005 | 20061128102815.10 | |
| 010 | @a7-309-04331-6@dCNY48.00 | |
| 100 | @a20061016d2005 km y0chiy0120 ea | |
| 101 | 0 | @achi@aeng |
| 102 | @aCN@b310000 | |
| 105 | @aac a 000yy | |
| 200 | 1 | @a王文亮学术论文选@Awang wen liang xue shu lun wen xuan@f王文亮著@Fwang wen liang zhu |
| 210 | @a上海@c复旦大学出版社@d2005.01 | |
| 215 | @a422页@c图, 肖像@d23cm | |
| 225 | 2 | @a复旦学人文库@Afu dan xue ren wen ku |
| 320 | @a有书目 (第411-422页) | |
| 330 | @a本书选编了王文亮教授的27篇学术论文,内容涉及动态子结构与模态综合技术的综述、双协调动态子结构法、耦合系统的振动分析;重特征值系统的小参数法、摄动法;亏损与非亏损系统的特征灵敏度分析等。 | |
| 410 | 0 | @12001 @a复旦学人文库 |
| 606 | 0 | @a振动理论@Azhen dong li lun@j文集 |
| 690 | @aO32-53@v4 | |
| 701 | 0 | @a王文亮@Awang wen liang@4著 |
| 801 | 0 | @aCN@c20061128 |
| 905 | @a10447@dO32-53@eW373 | |
| 王文亮学术论文选/王文亮著.-上海:复旦大学出版社,2005.01 |
| 422页:图, 肖像;23cm.-(复旦学人文库) |
| ISBN 7-309-04331-6:CNY48.00 |
| 本书选编了王文亮教授的27篇学术论文,内容涉及动态子结构与模态综合技术的综述、双协调动态子结构法、耦合系统的振动分析;重特征值系统的小参数法、摄动法;亏损与非亏损系统的特征灵敏度分析等。 |
| ● |
| 相关链接 |
|
|
|
正题名:王文亮学术论文选
索取号:O32-53/W373
 
预约/预借
| 序号 | 登录号 | 条形码 | 馆藏地/架位号 | 状态 | 备注 |
| 1 | 224152 | 202241528 | 自科库401/401自科库 52排1列4层/ [索取号:O32-53/W373] | 在馆 | |
| 2 | 224153 | 202241537 | 自科库401/401自科库 52排1列4层/ [索取号:O32-53/W373] | 在馆 |